00545nam a2200169Ia 4500008004100000100002000041245014200061260001100203300002100214440004700235521000700282650001900289650001500308650001600323650001600339650002000355140626s9999 xx 000 0 und d aClaussen, Dane. aCriteria for excellent graduates ratcheting up, so what are you going to do for your increasing number of average ones? /c Dane.Claussen cc2011. a66 : 3, page 211 aJournalism and Mass Communication Educator aMC aCommunication. aEducation. aExcellence. aMediocrity. aUndergraduates.